00442nam a2200157 a 45000010005000000030009000050080041000140200015000550400028000700820015000981000019001132450090001322600038002223000011002606500013002715302CO-ViMGA141112s2004 ck r 000 u spa d a968446116X aCO-ViMGAbspacCO-ViMGA04a808.5 C1751 aCarnegie, Dale10aComo hablar bien en público e influir en los hombres de negocios / cCarnegie Dale  aMexico : bSudAméricana, c1981 a412 p.14aORATORIA